[Event "10th Essent Open"]
[Site "Hoogeveen NED"]
[Date "2006.10.26"]
[Round "7"]
[White "Smerdon,D"]
[Black "Ris,R"]
[Result "0-1"]
[WhiteElo "2473"]
[BlackElo "2367"]

1.e4 c5 2.c3 Nf6 3.e5 Nd5 4.Nf3 e6 5.d4 cxd4 6.cxd4 d6 7.Bc4 Nb6 8.Bd3 dxe5
9.dxe5 Na6 10.Qe2 Nc5 11.Bc2 Nd5 12.O-O Bd7 13.Nc3 Nxc3 14.bxc3 Be7 15.Rd1 Qa5
16.Bg5 h6 17.Bxe7 Kxe7 18.Qe3 Rhc8 19.Rd4 Ba4 20.Qd2 Kf8 21.Rd1 Kg8 22.h3 b5
23.Nh2 Bxc2 24.Qxc2 Na4 25.Ng4 Qxc3 26.Qe2 Nb2 27.R1d2 Rc4 28.Nf6+ gxf6 29.Qg4+ Kf8
30.exf6 Rxd4 31.Rxd4 Qe1+ 32.Kh2 Qe5+ 33.g3 Qxf6 34.Rf4 Qe7 35.Qh5 Nc4 36.Rg4 Rd8
37.Qxb5 Ne3 38.fxe3 Rd2+ 39.Kg1 Qd6 40.Qb4 Qxb4 41.Rxb4 Rxa2 42.g4 Kg7 43.Rb7 a5
44.Rb5 a4 45.Ra5 a3 46.e4 e5 47.h4 f6 48.h5 Ra1+ 49.Kg2 a2 50.Ra7+ Kf8 51.Ra5 Kf7
52.Ra6 Ke7 53.Ra7+ Kd6 54.Ra6+ Kc5 55.Ra4 Kb5 56.Ra3 Kc4 57.Kh2 Kd4 58.Kg2 Kxe4
59.Ra6 Ke3 60.Kh2 e4 61.Kg2 Kd4 62.Ra4+ Ke5 63.Ra5+ Kf4 64.Ra4 Kg5 65.Kh2 e3
66.Kg3 Rg1+  0-1

[Event "14th Chigorin Mem B"]
[Site "St-Petersburg RUS"]
[Date "2006.10.26"]
[Round "5"]
[White "Kirillov,E"]
[Black "Kostyuchenko,V"]
[Result "1-0"]
[WhiteElo "2256"]
[BlackElo "2153"]

1.e4 c5 2.c3 Nf6 3.e5 Nd5 4.d4 cxd4 5.Nf3 Nc6 6.Bc4 Nc7 7.cxd4 d5 8.exd6 Qxd6
9.O-O e6 10.Nc3 Be7 11.Qd3 O-O 12.Qe4 f5 13.Qf4 Qd8 14.Ne5 Nxe5 15.dxe5 Bd7
16.Rd1 Qe8 17.Qg3 Bc6 18.Ne2 Qh5 19.Qb3 Rad8 20.Be3 Nd5 21.Nf4 Nxf4 22.Bxf4 Qg4
23.Bg3 Kh8 24.f3 Bc5+ 25.Kh1 Qh5 26.Rxd8 Rxd8 27.Bxe6 Qg5 28.Qc2 f4 29.Qxc5 fxg3
30.Rf1 Bxf3 31.Bh3 Bd5 32.Qxd5  1-0

[Event "10th Essent Open"]
[Site "Hoogeveen NED"]
[Date "2006.10.27"]
[Round "8"]
[White "Kuipers,S"]
[Black "Schenkeveld,Da"]
[Result "0-1"]
[WhiteElo "2252"]
[BlackElo "2036"]

1.e4 c5 2.c3 Nf6 3.e5 Nd5 4.d4 cxd4 5.cxd4 g6 6.Bc4 Nb6 7.Bb3 Bg7 8.Nf3 O-O
9.O-O d5 10.Nc3 Nc6 11.h3 Bf5 12.Nh4 Be6 13.f4 Qd7 14.Bc2 f6 15.Ne2 fxe5
16.fxe5 Rxf1+ 17.Qxf1 Rf8 18.Qe1 Qc8 19.Bd3 Bxh3 20.gxh3 Qxh3 21.Bb1 Nxe5
22.dxe5 Bxe5 23.Bf4 Rxf4  0-1

[Event "14th Chigorin Mem B"]
[Site "St-Petersburg RUS"]
[Date "2006.10.27"]
[Round "6"]
[White "Melnikov,N1"]
[Black "Kobzar,A"]
[Result "0-1"]
[WhiteElo "1820"]
[BlackElo "2092"]

1.e4 c5 2.c3 Nf6 3.e5 Nd5 4.d4 cxd4 5.cxd4 d6 6.Nf3 Nc6 7.Be2 g6 8.O-O Bg7
9.exd6 Qxd6 10.Nc3 O-O 11.Bc4 Nb6 12.Ne4 Qd8 13.d5 Nxc4 14.dxc6 bxc6 15.Qa4 Nxb2
16.Bxb2 Bxb2 17.Rab1 Bg7 18.Qxc6 Bf5 19.Rbd1 Qa5 20.Ng3 Rac8 21.Qb7 Rc7 22.Rd5 Qc3
23.Qb5 Be6 24.Rd3 Qf6 25.Qg5 Qxg5 26.Nxg5 Bc4 27.Ra3 Bxf1 28.Nxf1 Rc1 29.g3 Bd4
30.Kg2 Rb8 31.Ra4 Bxf2 32.Kxf2 Rb2+ 33.Ke3 Rxf1 34.Rxa7 Rxh2 35.a4 Ra2 36.Ne4 f5
37.Nc5 Rc1 38.Nd7 Rc4 39.Ra8+ Kg7 40.Nb6 Ra3+ 41.Kf2 Rc2+  0-1

[Event "14th Chigorin Mem"]
[Site "St-Petersburg RUS"]
[Date "2006.10.27"]
[Round "6"]
[White "Deviatkin,A"]
[Black "Lanin,A"]
[Result "1-0"]
[WhiteElo "2537"]
[BlackElo "2474"]

1.e4 c5 2.c3 Nf6 3.e5 Nd5 4.d4 cxd4 5.Qxd4 e6 6.Nf3 Nc6 7.Qe4 d6 8.Bb5 dxe5
9.Nxe5 Qc7 10.Nd2 Be7 11.O-O O-O 12.Ndf3 Nxe5 13.Nxe5 Bd6 14.Nf3 Nf6 15.Qh4 e5
16.Bd3 Re8 17.Re1 Bd7 18.Bg5 e4 19.Bxe4 Nxe4 20.Rxe4 Rxe4 21.Qxe4 Bc6 22.Qh4 Re8
23.Re1 Rxe1+ 24.Nxe1 Qa5 25.Be3 a6 26.Qd4 Be5 27.Qc5 Qc7 28.Nf3 Bd6 29.Qh5 Be4
30.h3 h6 31.Qg4 f5 32.Qg6 Bd5 33.Bxh6 Bxa2 34.Bxg7  1-0

[Event "10th Essent Open"]
[Site "Hoogeveen NED"]
[Date "2006.10.28"]
[Round "9"]
[White "Mamedjarova,T"]
[Black "Hoeksema,E"]
[Result "0-1"]
[WhiteElo "2274"]
[BlackElo "2374"]

1.e4 c5 2.c3 Nf6 3.e5 Nd5 4.d4 cxd4 5.Qxd4 e6 6.Nf3 Nc6 7.Qe4 f5 8.exf6 Nxf6
9.Qh4 e5 10.Bd3 e4 11.Bxe4 Qe7 12.O-O Nxe4 13.Bg5 Nxg5 14.Nxg5 Ne5 15.f4 Ng6
16.Qh5 Qc5+ 17.Kh1 d6 18.Nd2 Qf5 19.Rae1+ Kd8 20.Nb3 h6 21.Nd4 hxg5 22.Qxh8 Nxh8
23.Nxf5 g4 24.Nd4 Nf7 25.c4 Be7 26.b3 Bf6 27.Nc2 Nh6 28.Ne3 Be6 29.Rd1 Kc7
30.Rfe1 Rf8 31.g3 Nf5 32.Nc2 Bf7 33.Kg2 a5 34.Re2 Be8 35.Rd3 Bc6+ 36.Kg1 Bf3
37.Re1 Rh8 38.a3 Kc6 39.b4 a4 40.Re6 Kd7 41.Re1 Rc8 42.c5 b6 43.h3 bxc5 44.hxg4 Bxg4
45.bxc5 Rxc5 46.Nb4 Nd4 47.Re4 Rc4 48.Ree3 Rxb4 49.axb4 Nc2 50.Ra3 Nxe3 51.Rxa4 d5
52.Kf2 Nc2 53.b5 d4 54.b6 d3  0-1

[Event "14th Chigorin Mem B"]
[Site "St-Petersburg RUS"]
[Date "2006.10.28"]
[Round "7"]
[White "Ivanova,Ann"]
[Black "Nikolaev,V RUS"]
[Result "1-0"]
[WhiteElo "2157"]
[BlackElo "2255"]

1.e4 c5 2.c3 Nf6 3.e5 Nd5 4.d4 cxd4 5.Nf3 d6 6.Bc4 e6 7.cxd4 Nc6 8.O-O Be7
9.Qe2 a6 10.Nc3 Nxc3 11.bxc3 dxe5 12.Nxe5 Nxe5 13.Qxe5 O-O 14.Re1 Bd6 15.Qh5 g6
16.Qh6 Re8 17.Bg5 Be7 18.Bxe7 Qxe7 19.Re3 Qf8 20.Qf4 b5 21.Bd3 Bb7 22.h4 Rac8
23.Rc1 Red8 24.h5 Rd5 25.hxg6 hxg6 26.Rg3 Qg7 27.Re1 Re8 28.Qc7 Bc8 29.Be4 Rd7
30.Qb8 Qf8 31.Qe5 Qg7 32.Bc6 f6 33.Qe4 f5 34.Qe5 Qxe5 35.Rxe5 Kf7 36.Rh3 Kf6
37.Bxd7 Bxd7 38.Rh7 Rd8 39.Rc5 b4 40.Rc7 Ba4 41.f4 e5 42.dxe5+ Ke6 43.c4  1-0

[Event "14th Chigorin Mem"]
[Site "St-Petersburg RUS"]
[Date "2006.10.29"]
[Round "8"]
[White "Vysochin,S"]
[Black "Kim,Alex"]
[Result "1/2-1/2"]
[WhiteElo "2531"]
[BlackElo "2428"]

1.e4 c5 2.c3 Nf6 3.e5 Nd5 4.Nf3 Nc6 5.d4 cxd4 6.cxd4 d6 7.Bc4 Nb6 8.Bb5 dxe5
9.Nxe5 Bd7 10.Nxd7 Qxd7 11.Nc3 e6 12.O-O a6 13.Bxc6 Qxc6 14.Qg4 Nd5 15.Bg5 h5
16.Qe2 Be7 17.Bd2 Bf6 18.Rac1 Nxc3 19.bxc3 g6 20.Be3 O-O 21.c4 b5 22.Rfd1 bxc4
23.Rxc4 Qb7 24.d5 exd5 25.Qf3 Rad8 26.Rc5 Be7 27.Rcxd5 Rxd5 28.Qxd5 Rd8 29.Qb3  1/2-1/2

[Event "10th OIBM"]
[Site "Bad Wiessee GER"]
[Date "2006.11.04"]
[Round "1"]
[White "Niese,D"]
[Black "Ivanov,MM"]
[Result "0-1"]
[WhiteElo "2022"]
[BlackElo "2451"]

1.e4 c5 2.c3 Nf6 3.e5 Nd5 4.Nf3 g6 5.Bc4 Nb6 6.Bb3 c4 7.Bc2 Bg7 8.O-O Nc6
9.Qe2 d6 10.exd6 Qxd6 11.Na3 Qe6 12.Be4 O-O 13.Ng5 Qe5 14.Nf3 Qc5 15.d4 cxd3
16.Qxd3 f5 17.Bxc6 bxc6 18.Be3 Qa5 19.Bxb6 axb6 20.Qc4+ Qd5 21.Qb4 Qc5 22.Qb3+ Kh8
23.Rad1 e5 24.Nc2 Ba6 25.Rfe1 Bc4 26.Qb4 e4 27.Nd2 Bxa2 28.Nf1 Bg8 29.Rd6 Ra2
30.Rb1 Bc4 31.Nfe3 Bd3 32.Rc1 Rxb2 33.Qxc5 bxc5 34.Ne1 Bb5 35.c4 Ba4 36.Nd1 Rb4
37.Ne3 f4 38.Nf1 Bd4 39.Re6 e3 40.fxe3 fxe3 41.Nxe3 Rb3 42.Nc2 Rc3  0-1

[Event "TCh-ROM Divizia A Masculin"]
[Site "Predeal ROM"]
[Date "2006.11.04"]
[Round "1"]
[White "Baratosi,D"]
[Black "Aldea,L"]
[Result "1/2-1/2"]
[WhiteElo "2319"]
[BlackElo "2389"]

1.e4 c5 2.c3 Nf6 3.e5 Nd5 4.d4 cxd4 5.Nf3 e6 6.cxd4 d6 7.Bc4 Nc6 8.O-O Be7
9.Qe2 O-O 10.Nc3 Nxc3 11.bxc3 Qc7 12.Bd3 dxe5 13.dxe5 b6 14.Qe4 g6 15.Bh6 Rd8
16.Rfd1 Bb7 17.Qf4 Rd5 18.Be4 Rc5 19.Re1 Rc4 20.Rad1 Rd8 21.h4 Rxd1 22.Rxd1 Rc5
23.Bxc6 Qxc6 24.Bg5 Bxg5 25.Qxg5 Rd5 26.Rxd5 Qxd5 27.Kh2 h5 28.Qe7 Qe4 29.Qd8+ Kg7
30.Qf6+ Kg8 31.Qd8+  1/2-1/2

[Event "Open"]
[Site "Santo Domingo DOM"]
[Date "2006.11.06"]
[Round "9"]
[White "Belorusov,M"]
[Black "Mateo,Ra"]
[Result "0-1"]
[WhiteElo "2315"]
[BlackElo "2415"]

1.e4 c5 2.c3 Nf6 3.e5 Nd5 4.d4 cxd4 5.Qxd4 e6 6.Nf3 Nc6 7.Qe4 f5 8.Qe2 Qc7
9.g3 b5 10.Bg2 a5 11.O-O Ba6 12.Re1 Bc5 13.Nh4 O-O 14.Bxd5 exd5 15.Bf4 Rae8
16.Nd2 d6 17.Qf3 Nxe5 18.Bxe5 dxe5 19.Qxd5+ Kh8 20.Nb3 Bb6 21.Rad1 a4 22.Nc1 f4
23.Nd3 fxg3 24.hxg3 e4 25.Nf4 Rxf4 26.gxf4 Qxf4 27.Ng2 Bxf2+ 28.Kf1 Qf3 29.Qxe4 b4+
30.c4 Bxc4+  0-1

[Event "Open"]
[Site "Santo Domingo DOM"]
[Date "2006.11.06"]
[Round "9"]
[White "Jonkman,H"]
[Black "Quezada,Y"]
[Result "1/2-1/2"]
[WhiteElo "2430"]
[BlackElo "2515"]

1.e4 c5 2.c3 Nf6 3.e5 Nd5 4.Nf3 d6 5.d4 cxd4 6.cxd4 e6 7.Bc4 Nb6 8.Bb3 dxe5
9.Nxe5 Nc6 10.Nf3 Be7 11.Nc3 O-O 12.O-O Bf6 13.Be3 Nd5 14.Ne4 Be7 15.Rc1 Bd7
16.Nc5 Bc8 17.Ne4 Bd7 18.Nc5 Bc8  1/2-1/2

[Event "TCh-ROM Divizia A Masculin"]
[Site "Predeal ROM"]
[Date "2006.11.07"]
[Round "4"]
[White "Vajda,L"]
[Black "Baklan,V"]
[Result "0-1"]
[WhiteElo "2534"]
[BlackElo "2622"]

1.e4 c5 2.c3 Nf6 3.e5 Nd5 4.d4 cxd4 5.Nf3 Nc6 6.cxd4 d6 7.Bc4 Nb6 8.Bb5 dxe5
9.Nxe5 Bd7 10.Nxd7 Qxd7 11.Nc3 e6 12.O-O a6 13.Bxc6 Qxc6 14.h4 Nd5 15.h5 Be7
16.Re1 Rd8 17.Ne4 Nf6 18.Ng3 Qd5 19.Qc2 O-O 20.Nf5 exf5 21.Rxe7 Rfe8 22.Rxe8+ Rxe8
23.Qd1 Re4 24.Qf1 h6 25.Bd2 Nxh5 26.Rc1 Qxd4 27.Bc3 Qb6 28.Rc2 Nf4 29.Qd1 Qe6  0-1

[Event "10th OIBM"]
[Site "Bad Wiessee GER"]
[Date "2006.11.09"]
[Round "6"]
[White "Mayer,Frank2"]
[Black "Cordts,I"]
[Result "0-1"]
[WhiteElo "2073"]
[BlackElo "2324"]

1.e4 c5 2.c3 Nf6 3.e5 Nd5 4.d4 cxd4 5.Nf3 Nc6 6.Bc4 Nb6 7.Bb3 d5 8.exd6 Qxd6
9.O-O Be6 10.Na3 a6 11.Bxe6 Qxe6 12.Nxd4 Qd7 13.Be3 Nd5 14.Qf3 e6 15.Nc4 Bd6
16.Nxd6+ Qxd6 17.Nb3 Ne5 18.Qg3 Nxe3 19.Qxe3 Rd8 20.Qe2 O-O 21.Rfd1 Qc7 22.Nd4 Rd5
23.Nf3 Nxf3+ 24.Qxf3 Rf5 25.Qg3 Qc5 26.Rd4 Qb5 27.Rb4 Qc6 28.Rd1 Rd5 29.Rbd4 Qa4
30.Qf3 Qxa2 31.Rxd5 exd5 32.b4 Rd8 33.g3 h6 34.Re1 d4 35.cxd4 Qd5 36.Qxd5 Rxd5
37.Re8+ Kh7 38.Re7 Rb5 39.d5 Kg6 40.d6 Rxb4 41.d7 Rd4 42.d8=Q Rxd8 43.Rxb7 Ra8
44.Rb4 Kf5 45.Kf1 Ke5 46.Ke2 a5 47.Ra4 Kd5 48.Kd3 Kc5 49.Kc3 Kb5 50.Rf4 f6
51.Kb3 a4+ 52.Ka3 Ra6 53.h4 g6 54.g4 Kc5 55.h5 g5 56.Rb4 Rd6 57.Rb8 Kd5 58.Rb5+ Ke6  0-1

[Event "10th OIBM"]
[Site "Bad Wiessee GER"]
[Date "2006.11.09"]
[Round "6"]
[White "Rahls,P"]
[Black "Baeuml,U"]
[Result "0-1"]
[WhiteElo "2321"]
[BlackElo "2068"]

1.e4 c5 2.c3 Nf6 3.e5 Nd5 4.d4 cxd4 5.cxd4 d6 6.Nf3 Nc6 7.Bc4 Nb6 8.Bb3 d5
9.Nc3 Bg4 10.Be3 e6 11.O-O Be7 12.Ne2 O-O 13.h3 Bf5 14.g4 Bg6 15.Nf4 Na5
16.Nxg6 fxg6 17.Bc2 Nbc4 18.Bc1 Rc8 19.Bd3 a6 20.b3 Na3 21.Kg2 Nb5 22.Bxb5 axb5
23.Qd3 Nc6 24.Be3 Qa5 25.a3 b4 26.a4 Qa6 27.Qb5 Rc7 28.Rfc1 Rfc8 29.Bg5 h6
30.Bxe7 Rxe7 31.Rc5 Qa7 32.Qd3 Rf8 33.Nh4 Ref7 34.Qxg6 Nxd4 35.Rac1 Rxf2+
36.Kh1 Rf1+ 37.Rxf1 Rxf1+ 38.Kg2 Qxc5 39.Kxf1 Qc1+  0-1

[Event "TCh-ROM Divizia A Masculin"]
[Site "Predeal ROM"]
[Date "2006.11.09"]
[Round "6"]
[White "Vysochin,S"]
[Black "Milu,R"]
[Result "1/2-1/2"]
[WhiteElo "2531"]
[BlackElo "2430"]

1.e4 c5 2.c3 Nf6 3.e5 Nd5 4.Nf3 Nc6 5.Bc4 e6 6.d4 cxd4 7.cxd4 d6 8.O-O Be7
9.Qe2 O-O 10.Re1 Bd7 11.Nc3 Nxc3 12.bxc3 dxe5 13.dxe5 Qa5 14.Rb1 Rab8 15.Bd3 Rfd8
16.Ng5 g6 17.Qf3 Be8 18.Qh3 h5  1/2-1/2

[Event "TCh-NED 2006-7"]
[Site "Netherlands NED"]
[Date "2006.11.11"]
[Round "3"]
[White "Brandenburg,D"]
[Black "Van Haastert,E"]
[Result "1/2-1/2"]
[WhiteElo "2392"]
[BlackElo "2395"]

1.e4 c5 2.c3 Nf6 3.e5 Nd5 4.Nf3 e6 5.Bc4 d6 6.d4 cxd4 7.cxd4 Nc6 8.O-O Be7
9.Qe2 O-O 10.Qe4 Bd7 11.Bd3 f5 12.exf6 Nxf6 13.Qe2 Qa5 14.Nc3 Qh5 15.Bf4 Rae8
16.Bg3 a6 17.a3 g5 18.Rfd1 g4 19.Ne1 Nxd4 20.Bxh7+ Kxh7  1/2-1/2

[Event "TCh-NOR 2006-7"]
[Site "Oslo NOR"]
[Date "2006.11.11"]
[Round "2"]
[White "Pedersen,JoR"]
[Black "Svendsen,B"]
[Result "0-1"]
[WhiteElo "2184"]
[BlackElo "2221"]

1.e4 c5 2.c3 Nf6 3.e5 Nd5 4.d4 cxd4 5.Nf3 Nc6 6.Bc4 Nb6 7.Bb3 d5 8.exd6 Qxd6
9.cxd4 Be6 10.O-O Bxb3 11.Qxb3 e6 12.Nc3 Qb4 13.Qc2 Be7 14.a3 Qc4 15.Rd1 O-O
16.b3 Qa6 17.Ne4 Rac8 18.Neg5 g6 19.Qe4 Bf6 20.Qh4 h5 21.Qe4 Qb5 22.g4 Qxb3
23.Rd3 Qd5 24.Qf4 Bxg5 25.Nxg5 e5 26.dxe5 Qxd3 27.Ne4 Qd1+ 28.Kg2 Qxg4+  0-1

[Event "RGSU GM"]
[Site "Moscow RUS"]
[Date "2006.11.13"]
[Round "8"]
[White "Pustov,P"]
[Black "Krapivin,A"]
[Result "1/2-1/2"]
[WhiteElo "2407"]
[BlackElo "2459"]

1.e4 c5 2.c3 Nf6 3.e5 Nd5 4.d4 cxd4 5.cxd4 e6 6.Nf3 Nc6 7.Bc4 Nb6 8.Bb5 Be7
9.O-O O-O 10.Nc3 d6 11.Qe2 Nd5 12.Ne4 dxe5 13.dxe5 Bd7 14.Bd3 h6 15.Ng3 Qb6
16.Bxh6 Ncb4 17.Bb1 f5 18.exf6 Nxf6 19.Be3 Qb5 20.Qd1 Rad8 21.a3 Bc6 22.Nd4 Qd5
23.Nxc6 Qxc6 24.Qe2 Nbd5 25.Ba2 Nxe3 26.Qxe3 Nd5 27.Bxd5 Rxd5 28.Rae1 Bf6
29.Re2 Bd4 30.Qe4 Rd6 31.Qg4 e5 32.Nf5 Qd7 33.Nh6+ Kh7 34.Qxd7 Rxd7 35.Ng4 Rc8
36.g3 Rd5 37.Rd1 Rb5 38.Rdd2 Rc1+ 39.Kg2 Rb1 40.f4 R1xb2 41.fxe5 Rxd2 42.Rxd2 Bxe5
43.Nxe5  1/2-1/2

[Event "Ataturk Festival Open"]
[Site "Adana TUR"]
[Date "2006.11.14"]
[Round "8"]
[White "Gucin,Z"]
[Black "Bakr,J"]
[Result "0-1"]
[WhiteElo "2107"]
[BlackElo "2360"]

1.e4 c5 2.c3 Nf6 3.e5 Nd5 4.Nf3 Nc6 5.d4 cxd4 6.Bc4 Nb6 7.Bb3 e6 8.cxd4 d6
9.exd6 Qxd6 10.O-O Be7 11.Nc3 O-O 12.Qe2 a6 13.Rd1 Nb4 14.Ne4 Qd8 15.Nc5 N6d5
16.Ne5 b6 17.Ne4 Bb7 18.a3 Nc6 19.Rd3 Rc8 20.Nxc6 Rxc6 21.Rh3 Rxc1+ 22.Rxc1 Nf4
23.Qe3 Nxh3+ 24.gxh3 Kh8 25.Rd1 f5 26.Nc3 f4 27.Qxe6 Rf6 28.Qe2 Rg6+ 29.Kf1 f3
30.Qc4 Bd6 31.d5 Bc8 32.Ne4 Bxh3+ 33.Ke1 Bf4 34.Qf1  0-1

[Event "SK Liburnija GM"]
[Site "Rijeka CRO"]
[Date "2006.11.16"]
[Round "3"]
[White "Pavasovic,D"]
[Black "Markus,Rob"]
[Result "1/2-1/2"]
[WhiteElo "2575"]
[BlackElo "2567"]

1.e4 c5 2.c3 Nf6 3.e5 Nd5 4.Nf3 Nc6 5.Bc4 Nb6 6.Bb3 d5 7.exd6 Qxd6 8.Na3 a6
9.O-O Be6 10.Bxe6 Qxe6 11.d4 cxd4 12.Nxd4 Nxd4 13.Qxd4 Rd8 14.Qh4  1/2-1/2

[Event "1st GMA Cup"]
[Site "Manila PHI"]
[Date "2006.11.20"]
[Round "5"]
[White "Antonio,R"]
[Black "Barbosa,O PHI"]
[Result "0-1"]
[WhiteElo "2550"]
[BlackElo "2414"]

1.e4 c5 2.c3 Nf6 3.e5 Nd5 4.d4 cxd4 5.Nf3 Nc6 6.Bc4 e6 7.O-O d6 8.cxd4 Be7
9.Qe2 O-O 10.a3 Bd7 11.Bd3 Rc8 12.Qe4 g6 13.Bh6 Re8 14.Nbd2 dxe5 15.dxe5 Nb8
16.Qg4 Qb6 17.Ne4 Bb5 18.Bxb5 Qxb5 19.Rad1 Nd7 20.Bg5 Bf8 21.b4 a5 22.bxa5 Qxa5
23.Rd3 Qa6 24.Rfd1 Bg7 25.Qg3 Nc5 26.Nxc5 Rxc5 27.h4 Nc3 28.Rxc3 Rxc3 29.Bf6 Qa4
30.Rd4 Qxd4  0-1

[Event "19th Belgrade Trophy"]
[Site "Belgrade SRB"]
[Date "2006.11.23"]
[Round "2"]
[White "Katic,G"]
[Black "Stankovic,G"]
[Result "1-0"]
[WhiteElo "2056"]
[BlackElo "2074"]

1.e4 c5 2.c3 Nf6 3.e5 Nd5 4.d4 cxd4 5.Nf3 Nc6 6.Bc4 Nb6 7.Bb3 d6 8.exd6 Qxd6
9.O-O Bg4 10.Bxf7+ Kxf7 11.Ng5+ Kg8 12.Qxg4 h6 13.Nf3 e5 14.cxd4 exd4 15.Bf4 Qf6
16.Nbd2 Nd5 17.Bg3 h5 18.Qe4 Nde7 19.Qd3 Rd8 20.Ne4 Qf5 21.Rfe1 Rh6 22.Qb3+ Nd5
23.a3 b6 24.Rac1 Be7 25.Rxc6 Rxc6 26.Nxd4 Rc1 27.Rxc1 Qxe4 28.Nc6 Re8 29.Nxe7+ Rxe7
30.h4 g6 31.Rd1 Rd7 32.f3 Qf5 33.Qd3 Qe6 34.Qb3 Kg7 35.Re1 Qc6 36.Qd3 Nf6
37.Qe2 Nd5 38.Kh1 Ne7 39.Be5+ Kh7 40.Bc3 Nd5 41.Bd4 Re7 42.Qd2 Qe8 43.Rxe7+ Qxe7
44.g3 Qd6 45.Kg2 Ne7 46.Bc3 Qb8 47.Qd7  1-0

[Event "19th Belgrade Trophy"]
[Site "Belgrade SRB"]
[Date "2006.11.24"]
[Round "3"]
[White "Katic,G"]
[Black "Lalev,D"]
[Result "0-1"]
[WhiteElo "2056"]
[BlackElo "2409"]

1.e4 c5 2.c3 Nf6 3.e5 Nd5 4.d4 cxd4 5.Nf3 Nc6 6.Bc4 e6 7.cxd4 d6 8.O-O Be7
9.exd6 Qxd6 10.Nc3 Nxc3 11.bxc3 O-O 12.Be3 b6 13.Be2 Bb7 14.c4 Bf6 15.c5 Qd5
16.cxb6 axb6 17.Qb3 Qxb3 18.axb3 Rxa1 19.Rxa1 Rd8 20.Rd1 Ne7 21.Ne5 Nf5 22.Bf3 Bxf3
23.Nxf3 h5 24.Kf1 e5 25.d5 Nd4 26.Bxd4 exd4 27.Ke2 Rxd5 28.Kd3 Rb5 29.Nxd4 Bxd4
30.Kxd4 Rxb3 31.Rd2 b5 32.h3 Kh7 33.Re2 Kg6 34.Kc5 f6 35.Ra2 Kf5 36.Re2 g5
37.Kd5 h4 38.Rd2 Rb1 39.Re2 Rg1 40.f3 Kf4  0-1

[Event "66th ch-ITA"]
[Site "Cremona ITA"]
[Date "2006.11.24"]
[Round "3"]
[White "Manca,F"]
[Black "Bruno,Fabi"]
[Result "1-0"]
[WhiteElo "2425"]
[BlackElo "2408"]

1.e4 c5 2.c3 Nf6 3.e5 Nd5 4.d4 cxd4 5.Nf3 e6 6.cxd4 b6 7.Nc3 Nxc3 8.bxc3 Qc7
9.Bd2 Bb7 10.Bd3 d6 11.O-O Nd7 12.Ng5 dxe5 13.Qh5 g6 14.Qh3 Be7 15.Rfe1 Qd6
16.dxe5 Qc6 17.a4 a6 18.Be4 Qc8 19.Nxf7 Rf8 20.Nd6+ Bxd6 21.exd6 Nc5 22.Bxb7 Qxb7
23.Rxe6+  1-0

[Event "Capablanca mem Open"]
[Site "Havana CUB"]
[Date "2006.11.26"]
[Round "6"]
[White "Munoz,Li"]
[Black "Hernandez,Hold"]
[Result "0-1"]
[WhiteElo "2396"]
[BlackElo "2524"]

1.e4 c5 2.c3 Nf6 3.e5 Nd5 4.d4 cxd4 5.Nf3 Nc6 6.cxd4 d6 7.Bc4 Nb6 8.Bb3 dxe5
9.d5 Na5 10.Nc3 Nxb3 11.Qxb3 f6 12.Be3 g6 13.Rc1 Bd7 14.O-O Nc8 15.Qxb7 Nd6
16.Qa6 Bg7 17.Bc5 Qb8 18.b3 Bh6 19.Be3 Bxe3 20.fxe3 Qb6 21.Qe2 O-O 22.Nd2 Rac8
23.Nc4 Qb4 24.Nb1 Rc5 25.e4 Rfc8 26.Nbd2 Bb5 27.Qg4 Bxc4 28.Qe6+ Kh8 29.Nxc4 Nxc4
30.Qxe7 Qb6 31.Rxf6 R5c6+ 32.Rf2 R6c7 33.Qg5 Rf7 34.Rc2 Rcf8 35.Qg3 Qd4 36.h3 Rxf2
37.Rxf2 Nd2 38.d6 Nxe4 39.Qxe5+ Qxe5 40.Rxf8+ Kg7 41.d7 Qc5+  0-1

[Event "66th ch-ITA"]
[Site "Cremona ITA"]
[Date "2006.11.27"]
[Round "6"]
[White "Manca,F"]
[Black "Borgo,G"]
[Result "1/2-1/2"]
[WhiteElo "2425"]
[BlackElo "2420"]

1.e4 c5 2.c3 Nf6 3.e5 Nd5 4.d4 cxd4 5.Nf3 e6 6.cxd4 d6 7.Bc4 Nc6 8.O-O Be7
9.Qe2 O-O 10.Nc3 Nxc3 11.bxc3 dxe5 12.dxe5 Qa5 13.Qe4 Qa4 14.Bg5 h6 15.Bxe7 Nxe7
16.Rab1 Bd7 17.Bd3 Qxe4 18.Bxe4 Bc6 19.Bxc6 bxc6 20.Rb7 Nd5  1/2-1/2

[Event "29th ch-GRE w"]
[Site "Athens GRE"]
[Date "2006.11.29"]
[Round "5"]
[White "Pambalou,F"]
[Black "Sperdokli,E"]
[Result "1/2-1/2"]
[WhiteElo "2177"]
[BlackElo "2111"]

1.e4 c5 2.c3 Nf6 3.e5 Nd5 4.d4 cxd4 5.Nf3 e6 6.cxd4 d6 7.Bc4 Nb6 8.Bd3 dxe5
9.dxe5 N8d7 10.Bc2 Qc7 11.O-O Nd5 12.Qe2 b6 13.Nc3 Nxc3 14.bxc3 Nc5 15.Nd4 Bb7
16.a4 a6 17.Bf4 Be7 18.Rfe1 g5 19.Bd2 h5 20.c4 Rd8 21.Bc3 g4 22.a5 Ba8 23.axb6 Qb7
24.f4 gxf3 25.Nxf3 Rg8 26.Kf1 h4 27.h3 Rg3 28.Bb4 Qc8 29.Ra3 Bb7 30.Rd1 Rxd1+
31.Qxd1 Qc6 32.Qd4 Qxb6 33.Be1 Rg8 34.Bxh4 Bxf3 35.Rxf3 Bxh4 36.Qxh4 Qb2
37.Qh7 Qc1+ 38.Ke2 Rxg2+ 39.Rf2 Rxf2+ 40.Kxf2 Qf4+ 41.Kg2 Qxe5 42.h4 Qe2+
43.Kh3 Qf3+ 44.Kh2 Qf2+ 45.Kh3 Qf3+ 46.Kh2 Qf4+ 47.Kh3 Qxc4 48.h5 Qc3+ 49.Kh4 Qf6+
50.Kh3 Kf8 51.Bb1 Qg7 52.Qc2 Qg5 53.Qh7 Qg7 54.Qc2 Qg5 55.Qh7 Qe3+ 56.Kg2 Qg5+  1/2-1/2

[Event "19th Belgrade Trophy"]
[Site "Belgrade SRB"]
[Date "2006.11.29"]
[Round "8"]
[White "Kolbert,E"]
[Black "Nikolov,M"]
[Result "1/2-1/2"]
[WhiteElo "2153"]
[BlackElo "2448"]

1.e4 c5 2.c3 Nf6 3.e5 Nd5 4.d4 cxd4 5.Qxd4 e6 6.Nf3 Nc6 7.Qg4 Qc7 8.Qg3 d6
9.exd6 Qxd6 10.Qxd6 Bxd6 11.Nbd2 O-O 12.Ne4 Be7 13.Bb5 f6 14.O-O e5 15.c4 Ndb4
16.Bd2 Bg4 17.c5 Be6 18.a3 Nc2 19.Rac1 N2d4 20.Nxd4 Nxd4 21.Bc4 Kf7 22.f4 exf4
23.Bxf4 Bxc4 24.Rxc4 Ne2+ 25.Kh1 Nxf4 26.Rxf4 Rfd8 27.Rf1 Rac8 28.Kg1 Rd5
29.Rfc1 Ke6 30.b4 a6 31.Nc3 Re5 32.Na4 Re3 33.Nb6 Rd8 34.a4 Kf7 35.Kf2 Rb3
36.R1c2 f5 37.Ke2 g5 38.R2c3 Rb1 39.Rc1 Rb2+ 40.R1c2 Rb3 41.R2c3 Rxc3 42.Rxc3 Bf6
43.Rc2 Be5 44.h3 Bc7 45.Nc4 Rd5 46.Ne3 Re5 47.Kd3 f4 48.Nc4 Re6 49.b5 h5
50.b6 Bb8 51.Re2 g4 52.hxg4 hxg4 53.Na5 Rxe2 54.Kxe2 Ke6 55.c6 bxc6 56.Nxc6 Bd6
57.b7 Kd5 58.b8=Q Bxb8 59.Nxb8 f3+ 60.gxf3 gxf3+ 61.Kxf3 Kc4 62.Nc6 a5 63.Ke4 Kb3
64.Kd3 Kxa4 65.Kc4 Ka3 66.Kc3 Ka2 67.Kc2 Ka3  1/2-1/2

[Event "19th Belgrade Trophy"]
[Site "Belgrade SRB"]
[Date "2006.11.30"]
[Round "9"]
[White "Dizdarevic,B"]
[Black "Maksimovic,Ma"]
[Result "1/2-1/2"]
[WhiteElo "1788"]
[BlackElo "2138"]

1.e4 c5 2.c3 Nf6 3.e5 Nd5 4.Nf3 e6 5.g3 d6 6.exd6 Bxd6 7.Bg2 Nc6 8.O-O O-O
9.d4 cxd4 10.Nxd4 Nce7 11.c4 Nb6 12.Qc2 Be5 13.Nf3 Bf6 14.Bg5 Nc6 15.Rd1 Qe7
16.Bxf6 Qxf6 17.Nbd2 Ne5 18.Nxe5 Qxe5 19.Nf3 Qc5 20.Rac1 e5 21.a3 a5 22.h4 f6
23.Nd2 Bg4 24.Re1 a4 25.Bxb7 Ra7 26.Be4 f5 27.Bg2 Raf7 28.Nf3 Bxf3 29.Bxf3 e4
30.Bg2 h5 31.Qe2 f4 32.gxf4 Rxf4 33.Qe3 Qxe3 34.Rxe3 Rxf2 35.Rxe4 Rxb2 36.c5 Nd5
37.Rf1 Rc8 38.Re5 Nf6 39.Rg5 Kh7 40.Bh3 Rc7 41.Bf5+ Kg8 42.Rf4 Re7 43.Bd3 Re1+
44.Rf1 Rxf1+ 45.Kxf1 Kf8  1/2-1/2

[Event "66th ch-ITA"]
[Site "Cremona ITA"]
[Date "2006.11.30"]
[Round "8"]
[White "Manca,F"]
[Black "Vocaturo,D"]
[Result "1-0"]
[WhiteElo "2425"]
[BlackElo "2441"]

1.e4 c5 2.c3 Nf6 3.e5 Nd5 4.d4 cxd4 5.Nf3 e6 6.cxd4 d6 7.Bc4 Nc6 8.O-O Be7
9.exd6 Qxd6 10.Nc3 O-O 11.Re1 Rd8 12.Bb3 a6 13.Qe2 b5 14.Bd2 Bb7 15.Ne4 Qc7
16.Rac1 Qb6 17.Neg5 Bxg5 18.Nxg5 Rd7 19.Bxd5 Rxd5 20.Qh5 Rxg5 21.Bxg5 Qxd4
22.Red1 Qe4 23.Rd7 Ne5 24.f3 Qf5 25.Rxb7 h6 26.Qh4 hxg5 27.Qd4 Qf6 28.Rd1 Rc8
29.h3 Kh7 30.Qe4+ g6 31.b3 Rc5 32.Kh1 Kh6 33.Ra7 Rc3 34.Qd4 Rxf3 35.gxf3 Qxf3+
36.Kh2 g4 37.hxg4 Nxg4+ 38.Kg1 Ne3 39.Qh4+ Kg7 40.Rxf7+  1-0

[Event "TCh-BEL 2006-7"]
[Site "Belgium BEL"]
[Date "2006.12.03"]
[Round "5"]
[White "Lemmers,O"]
[Black "Roeder,M"]
[Result "1-0"]
[WhiteElo "2387"]
[BlackElo "2456"]

1.e4 c5 2.c3 Nf6 3.e5 Nd5 4.Nf3 Nc6 5.d4 cxd4 6.Bc4 Nb6 7.Bb3 g6 8.Ng5 d5
9.exd6 e6 10.Qf3 f6 11.Nxe6 Bxe6 12.Bxe6 Bxd6 13.Qh3 f5 14.O-O Qf6 15.Re1 Be5
16.cxd4 Nxd4 17.Bb3 O-O-O 18.Nc3 Kb8 19.Qh6 Rde8 20.Bg5 Qf8 21.Qh4 Nxb3 22.axb3 h6
23.Rxe5 Rxe5 24.Bf6 Rc5 25.Be7 Qc8 26.Bd6+ Ka8 27.Qb4 Nd7 28.Qd4 Re8 29.b4 Re4
30.Rxa7+ Kxa7 31.Nxe4 fxe4 32.bxc5 Qc6 33.g4 Ka6 34.Qc4+ b5 35.Qa2+ Kb7 36.b4 h5
37.gxh5 gxh5 38.h4 Nb6 39.Qf7+ Nd7 40.Qxh5 e3 41.fxe3 Qe4 42.Qg5 Ka6 43.Qf4 Qb1+
44.Qf1 Qe4 45.Qa1+ Kb7 46.Qd4 Qg6+ 47.Kh1 Nf6 48.Bf4 Qf5 49.Kh2 Qc2+ 50.Kg1 Qb1+
51.Kg2 Qf5 52.Kf2 Ng4+ 53.Ke2 Nf6 54.Kd2 Ne4+ 55.Kc1 Nf2 56.Qd6 Nd3+ 57.Kd2 Nxf4
58.Qxf4 Qd5+ 59.Kc3 Qa2 60.Kd4 Qb2+ 61.Kd5 Qb3+ 62.Ke5 Qg8 63.Qg5 Qe8+ 64.Kd4 Qh8+
65.Kd5 Qa8 66.h5 Ka6+ 67.Kd4 Qh8+ 68.Kd3 Qa1 69.h6 Qb1+ 70.Ke2 Qc2+ 71.Kf3 Qd1+
72.Kf4 Qf1+ 73.Ke5 Qa1+ 74.Ke6 Qh8 75.Qf6 Qe8+ 76.Kf5+ Ka7 77.Kf4 Qd7 78.Qg7 Ka6
79.Qg6+ Ka7 80.h7  1-0

[Event "ch-ROM w"]
[Site "Predeal ROM"]
[Date "2006.12.05"]
[Round "9"]
[White "Jicman,L"]
[Black "Florea,Do"]
[Result "1-0"]
[WhiteElo "2178"]
[BlackElo "1953"]

1.e4 c5 2.c3 Nf6 3.e5 Nd5 4.d4 cxd4 5.Nf3 Nc6 6.cxd4 e6 7.Nc3 Nxc3 8.bxc3 d6
9.exd6 Bxd6 10.Bd3 h6 11.Qe2 O-O 12.O-O Re8 13.Ne5 Bxe5 14.dxe5 Nxe5 15.Bb5 Nc6
16.Rd1 Qc7 17.Qg4 e5 18.Qg3 Kh7 19.Ba3 a6 20.Ba4 Bf5 21.Bd6 Qa5 22.Bb3 Be6
23.Bxe6 Rxe6 24.Qf3 Rf6 25.Qe4+ g6 26.c4 Rf4  1-0